LEADER 00720nac# 22002051i 450 001 UON00433038 005 20231205104916.98 100 $a20131114f |0itac50 ba 102 $aDE 105 $a|||| ||||| 110 $ab|||||||||| 200 1 $aLiteratur 210 $aBonn$cInter Nationes 463 1$1001UON00433031$12001 $aDeutschstunde$enach dem Roman von Siegfried Lenz$fmit Annmerkungen versehen von Mechthild Borries-Knopp$1205 $a3.$büberarb. Aufl$1210 $aBonn$cInter Nationes$d1996$1215 $a118 p.$cill.$d21 cm.$v014 620 $aDE$dBonn$3UONL000478 712 $aInter Nationes$3UONV268914$4650 801 $aIT$bSOL$c20240220$gRICA 912 $aUON00433038 996 $aLiteratur$957493 997 $aUNIOR LEADER 00937nam0 22002651i 450 001 UON00214401 005 20231205103347.828 010 $a96-315-1620-2 100 $a20030730d1981 |0itac50 ba 101 $ahun 102 $aHU 105 $a|||| ||||| 200 1 $aSorrendben$fCzakó Gábor 210 $aBudapest$cSzépirodalmi Könyvkiadó$d1981 215 $a269 p.$d18 cm. 620 $aHU$dBudapest$3UONL000090 676 $a894.5113$cLetteratura ungherese. Narrativa$v21 700 1$aCZAKO$bGábor$3UONV129469$0683556 712 $aSzepirodalmi könyvkiado$3UONV277301$4650 801 $aIT$bSOL$c20241220$gRICA 899 $aSIBA - SISTEMA BIBLIOTECARIO DI ATENEO$2UONSI 912 $aUON00214401 950 $aSIBA - SISTEMA BIBLIOTECARIO DI ATENEO$dSI UNGHERESE A CZA 0001 $eSI EO 20359 5 0001 996 $aSorrendben$91262437 997 $aUNIOR